Mathematical methods for optical physics and engineering / (Record no. 18865)

MARC details
000 -LEADER
fixed length control field 02558cam a2200289 i 4500
001 - CONTROL NUMBER
control field 16429439
003 - CONTROL NUMBER IDENTIFIER
control field EG-ScBUE
005 - DATE AND TIME OF LATEST TRANSACTION
control field 20250612134715.0
008 - FIXED-LENGTH DATA ELEMENTS--GENERAL INFORMATION
fixed length control field 100823s2011 enka f b f001 0 eng d
020 ## - INTERNATIONAL STANDARD BOOK NUMBER
International Standard Book Number 9780521516105 (hardback)
040 ## - CATALOGING SOURCE
Original cataloging agency DLC
Language of cataloging eng
Description conventions rda
Transcribing agency DLC
Modifying agency DLC
-- EG-ScBUE
082 04 - DEWEY DECIMAL CLASSIFICATION NUMBER
Classification number 535.0151
Edition number 22
Item number GBU
100 1# - MAIN ENTRY--PERSONAL NAME
Personal name Gbur, Greg,
Relator term author.
9 (RLIN) 37135
245 10 - TITLE STATEMENT
Title Mathematical methods for optical physics and engineering /
Statement of responsibility, etc Greg J. Gbur, University of North Carolina.
264 #1 - PUBLICATION, DISTRIBUTION, ETC. (IMPRINT)
Place of publication, distribution, etc Cambridge, United Kingdom ;
-- New York, United States :
Name of publisher, distributor, etc Cambridge University Press,
Date of publication, distribution, etc 2011.
300 ## - PHYSICAL DESCRIPTION
Extent xvii, 800 pages :
Other physical details illustrations ;
Dimensions 26 cm
336 ## - CONTENT TYPE
Source rdacontent
Content type term text
Content type code txt
337 ## - MEDIA TYPE
Media type term unmediated
Source rdamedia
Media type code n
338 ## - CARRIER TYPE
Carrier type term volume
Carrier type code nc
Source rdacarrier
504 ## - BIBLIOGRAPHY, ETC. NOTE
Bibliography, etc Includes bibliographical references and index.<br/>
505 8# - FORMATTED CONTENTS NOTE
Formatted contents note Machine generated contents note : 1. Vector algebra ; 2. Vector calculus ; 3. Vector calculus in curvilinear coordinate systems ; 4. Matrices and linear algebra ; 5. Advanced matrix techniques and tensors ; 6. Distributions ; 7. Infinite series ; 8. Fourier series ; 9. Complex analysis ; 10. Advanced complex analysis ; 11. Fourier transforms ; 12. Other integral transforms ; 13. Discrete transforms ; 14. Ordinary differential equations ; 15. Partial differential equations ; 16. Bessel functions ; 17. Legendre functions and spherical harmonics ; 18. Orthogonal functions ; 19. Green's functions ; 20. The calculus of variations ; 21. Asymptotic techniques ; Appendices; References ; Index.
520 ## - SUMMARY, ETC.
Summary, etc "The first textbook on mathematical methods focusing on techniques for optical science and engineering, this text is ideal for upper division undergraduate and graduate students in optical physics. Containing detailed sections on the basic theory, the textbook places strong emphasis on connecting the abstract mathematical concepts to the optical systems to which they are applied. It covers many topics which usually only appear in more specialized books, such as Zernike polynomials, wavelet and fractional Fourier transforms, vector spherical harmonics, the z-transform, and the angular spectrum representation. Most chapters end by showing how the techniques covered can be used to solve an optical problem. Essay problems based on research publications and numerous exercises help to further strengthen the connection between the theory and its applications''
650 #7 - SUBJECT ADDED ENTRY--TOPICAL TERM
Topical term or geographic name as entry element Optics
General subdivision Mathematics.
Source of heading or term BUEsh
9 (RLIN) 37136
653 ## - INDEX TERM--UNCONTROLLED
Resource For college Engineering, Electrical
Arrived date list January2015
655 ## - INDEX TERM--GENRE/FORM
Form subdivision Reading book
9 (RLIN) 34232
942 ## - ADDED ENTRY ELEMENTS (KOHA)
Source of classification or shelving scheme Dewey Decimal Classification
Koha item type Book - Borrowing
Holdings
Withdrawn status Lost status Source of classification or shelving scheme Damaged status Not for loan Collection code Home library Current library Shelving location Date acquired Source of acquisition Cost, normal purchase price Serial Enumeration / chronology Total Checkouts Full call number Barcode Date last seen Cost, replacement price Price effective from Koha item type
    Dewey Decimal Classification     Baccah Central Library Central Library First floor 13/01/2015   612.00 21291   535.0151 GBU 000037287 15/07/2025 765.00 13/01/2015 Book - Borrowing